00775nam a22002057a 4500003000200000005001700002008004100019020001800060050002400078100003900102245008500141260005700226300002600283504004100309650006000350650003200410650006700442700002400509700003600533020250502143605.0250430b xxu||||| |||| 00| 0 eng d a9786214092789 aHF 5718b.C371 2024 aCaudilla, Jesus Perry l.e[author] aEssentials of organizational communication cJesus Perry Caudilla and two others aMandaluyong CitybBooks Atpb. Publishing Corp.c2024 ax, 238 pages; c25cm. aIncludes bibliographical references. aOrganizational communication -- Business communication. aCommunication—Management. aCommunication in organizations -- Interpersonal communication. aCuizon, Marivic E.  aDe Guzman, Cristopher Alvin M.